| 000 | 00653nam a2200229Ia 4500 | ||
|---|---|---|---|
| 003 | OSt | ||
| 005 | 20221007080056.0 | ||
| 006 | a|||||r|||| 00| 0 | ||
| 007 | ta | ||
| 008 | 221006b |||||||| |||| 00| 0 eng d | ||
| 024 | _a14,348 | ||
| 037 | _cTextual | ||
| 040 |
_aFLL _cFLL _beng |
||
| 041 |
_2eng _aeng |
||
| 082 | _aX:51.730275.2, L4 | ||
| 100 |
_aKacker M. Au. _9694597 |
||
| 245 | 0 | _aMarketing adaptation of u.s. business firms in india | |
| 260 |
_aNew Delhi _bSterling publishers pvt. ltd. India _c1974 |
||
| 300 |
_a160p _ccm. |
||
| 942 |
_hX:51.730275.2, L4 _cTEXL _2CC |
||
| 999 |
_c1158291 _d1158291 |
||